[Event "Campionato Provinciale Zevio 2020"]
[Site "?"]
[Date "2020.01.26"]
[Round "5.3"]
[White "Adami, Antonio"]
[Black "Malni, Riccardo"]
[Result "0-1"]
[WhiteElo "1717"]
[BlackElo "1938"]
[PlyCount "98"]
[EventDate "2020.??.??"]

1. d4 Nf6 2. Bf4 g6 3. Nc3 Bg7 4. e4 d6 5. Qd2 h6 6. O-O-O g5 7. Be3 Ng4 8. Be2
Nxe3 9. Qxe3 Nd7 10. f4 c5 11. dxc5 Nxc5 12. g3 Qb6 13. Bb5+ Kf8 14. Re1 Be6
15. e5 a6 16. Ba4 gxf4 17. gxf4 dxe5 18. Bb3 Nxb3+ 19. axb3 Qxe3+ 20. Rxe3 exf4
21. Rd3 Bf5 22. Rd1 Bxc3 23. bxc3 Be4 24. Nh3 Bxh1 25. Rxh1 e5 26. Nf2 Ke7 27.
Re1 Rhg8 28. Rxe5+ Kd6 29. Rf5 Rg1+ 30. Kb2 Ke6 31. Rxf4 f5 32. Rh4 Rh8 33. Nd3
Rh7 34. Nf4+ Kf6 35. Rh3 Rf1 36. Nd5+ Ke6 37. Ne3 Rf2 38. c4 h5 39. Nd5 f4 40.
Rh4 Kf5 41. Rh3 h4 42. Rd3 h3 43. b4 Rxh2 44. Rf3 Rh4 45. Rf1 Re2 46. Nc3 Re8
47. Nd1 h2 48. Nf2 Re2 49. Nh1 Rg2 0-1

[Event "Campionato Provinciale Zevio 2020"]
[Site "?"]
[Date "2020.01.26"]
[Round "5.4"]
[White "Jimchi, Abdelaziz"]
[Black "Righi, Francesco"]
[Result "1/2-1/2"]
[WhiteElo "1758"]
[BlackElo "1806"]
[PlyCount "60"]
[EventDate "2020.??.??"]

1. d4 d6 2. Nf3 Nd7 3. Bf4 g6 4. Nc3 Bg7 5. e3 c6 6. Bc4 Ngf6 7. O-O O-O 8. Qd2
a5 9. a4 Nh5 10. Bg5 h6 11. Bh4 g5 12. Bg3 Nxg3 13. hxg3 Nf6 14. Rfe1 Bd7 15.
e4 e6 16. e5 dxe5 17. dxe5 Nd5 18. Nxd5 exd5 19. Bd3 Be6 20. Nd4 Re8 21. f4 Bg4
22. c3 gxf4 23. gxf4 Qh4 24. Qf2 Qxf2+ 25. Kxf2 Bd7 26. Bc2 Rad8 27. Nf5 Bf8
28. Rh1 Bxf5 29. Bxf5 Kg7 30. Rh3 Bc5+ 1/2-1/2

[Event "Campionato Provinciale Zevio 2020"]
[Site "?"]
[Date "2020.01.26"]
[Round "5.6"]
[White "Gemma, Stefano"]
[Black "Oppici, Gabriele"]
[Result "1-0"]
[WhiteElo "1558"]
[BlackElo "1946"]
[PlyCount "135"]
[EventDate "2020.??.??"]

1. e4 d6 2. d4 Nf6 3. Bd3 e5 4. c3 g6 5. dxe5 dxe5 6. Bb5+ Nbd7 7. Nf3 c6 8.
Bd3 Bg7 9. Bc2 Qc7 10. O-O O-O 11. Bg5 Nc5 12. Nbd2 Ne6 13. Bh4 Nh5 14. Bg3
Nhf4 15. Re1 b6 16. Bxf4 Nxf4 17. g3 Ne6 18. Bb3 Nc5 19. Bc4 Bg4 20. Qc2 Rad8
21. b4 Nb7 22. Kg2 Qc8 23. Ng1 Bh6 24. Ndf3 Qc7 25. h3 Bc8 26. Rad1 Bg7 27.
Rxd8 Rxd8 28. Rd1 Nd6 29. Bb3 Kh8 30. Ng5 Rf8 31. Rxd6 Qxd6 32. Nxf7+ Rxf7 33.
Bxf7 Ba6 34. f3 Bh6 35. Be8 Qe6 36. Qa4 Bb5 37. Qxa7 Qxe8 38. a4 Bc4 39. Qxb6
Qd7 40. Qb8+ Kg7 41. Qxe5+ Kf7 42. f4 Bg7 43. Qc5 Qd2+ 44. Kh1 Qxc3 45. Qxc6
Bd4 46. Qc7+ Kg8 47. Qd8+ Kg7 48. Qe7+ Bf7 49. e5 Qxg3 50. Qf6+ Kh6 51. Qg5+
Qxg5 52. fxg5+ Kh5 53. Nf3 Bd5 54. Kg2 Bxe5 55. Kf2 Bc3 56. b5 Bxf3 57. Kxf3
Ba5 58. Ke4 Kxg5 59. Kd5 Kf6 60. Kc6 Bd2 61. b6 g5 62. a5 Bxa5 63. b7 Bd2 64.
b8=Q Bf4 65. Qh8+ Kg6 66. Kd5 h5 67. Ke6 h4 68. Qg8+ 1-0

[Event "Campionato Provinciale Zevio 2020"]
[Site "?"]
[Date "2020.01.26"]
[Round "5.7"]
[White "Goldoni, Claudio"]
[Black "Pisani, Valerio"]
[Result "0-1"]
[WhiteElo "1825"]
[BlackElo "1632"]
[PlyCount "75"]
[EventDate "2020.??.??"]

1. e4 e6 2. d4 d5 3. Nd2 Nf6 4. e5 Nfd7 5. Bd3 c5 6. c3 Nc6 7. Ne2 Be7 8. O-O
Qb6 9. Nf3 O-O 10. a3 a5 11. Rb1 Qc7 12. Be3 c4 13. Bc2 f6 14. exf6 Nxf6 15.
Ng3 Bd7 16. Nd2 e5 17. dxe5 Ng4 18. Nf3 Nxe3 19. fxe3 Be6 20. e4 dxe4 21. Bxe4
Nxe5 22. Nxe5 Rxf1+ 23. Qxf1 Qxe5 24. Re1 Qc5+ 25. Kh1 Bg4 26. Bxb7 Rf8 27. Qg1
Qc7 28. Bd5+ Kh8 29. Qd4 h5 30. Qxc4 Qd6 31. Rf1 Rd8 32. Bf3 Rc8 33. Qe4 Bxf3
34. Qxf3 g6 35. Rd1 Qb6 36. Qe4 Bf6 37. Qxg6 h4 38. Rd7 0-1

[Event "Campionato Provinciale Zevio 2020"]
[Site "?"]
[Date "2020.01.26"]
[Round "5.8"]
[White "Di Giovanni, Giuseppe"]
[Black "Rizzati, Aldo"]
[Result "0-1"]
[WhiteElo "1642"]
[BlackElo "1744"]
[PlyCount "92"]
[EventDate "2020.??.??"]

1. e4 e5 2. Nf3 Nc6 3. Bc4 Be7 4. d4 exd4 5. Nxd4 Nf6 6. Nxc6 dxc6 7. Qxd8+
Bxd8 8. O-O O-O 9. Nc3 b5 10. Bd3 Be7 11. Bf4 Ne8 12. a3 Be6 13. Ne2 Bc5 14. b4
Bb6 15. a4 bxa4 16. Rxa4 Nd6 17. Rc1 Nc4 18. Kf1 Rfd8 19. Bg3 f6 20. Ke1 a5 21.
bxa5 Bxa5+ 22. Kf1 Nb2 23. Ra3 Bb6 24. Rc3 c5 25. Nf4 Bf7 26. Rb1 Ra2 27. f3
Na4 28. Rcb3 c4 29. Rxb6 cxb6 30. Be2 Nb2 31. Nd5 Bxd5 32. exd5 b5 33. d6 Kf7
34. f4 Rxd6 35. Be1 Rd7 36. Bc3 Na4 37. Be1 Rb2 38. Rc1 f5 39. Bf3 Rd4 40. g3
Rd6 41. Ba5 c3 42. Bc7 Rd2 43. Bd1 Rxh2 44. g4 fxg4 45. f5 Rh5 46. Bxg4 Rh1+
0-1

[Event "Campionato Provinciale Zevio 2020"]
[Site "?"]
[Date "2020.01.26"]
[Round "5.9"]
[White "Gneo, Marco"]
[Black "Marcori, Mirko"]
[Result "0-1"]
[WhiteElo "1724"]
[BlackElo "1649"]
[PlyCount "108"]
[EventDate "2020.??.??"]

1. d4 d5 2. Nf3 Nf6 3. g3 g6 4. Bg2 Bg7 5. O-O O-O 6. c4 c6 7. Nc3 e6 8. c5 b6
9. b4 b5 10. Bf4 a5 11. a3 Bb7 12. Qd3 Na6 13. Rab1 axb4 14. axb4 Nc7 15. Ra1
Qd7 16. Ne5 Qe7 17. f3 Rfc8 18. e4 Qd8 19. h3 Rxa1 20. Rxa1 Nh5 21. Qe3 Nxf4
22. Qxf4 Bxe5 23. Qxe5 Na6 24. exd5 exd5 25. Na2 Ra8 26. Re1 Nc7 27. Re2 Ne6
28. f4 Ng7 29. g4 Qe8 30. Qxe8+ Rxe8 31. Rxe8+ Nxe8 32. Kf2 Kf8 33. Bf1 Nc7 34.
Bd3 Na6 35. Ke3 Ke7 36. h4 Bc8 37. Kf3 h6 38. Kg3 Kf6 39. Kf3 h5 40. g5+ Ke7
41. f5 Bxf5 42. Bxf5 gxf5 43. Kf4 Ke6 44. Kf3 Nc7 45. Nc1 Ne8 46. Nd3 Ng7 47.
Ne5 f6 48. gxf6 Kxf6 49. Nxc6 Ne6 50. Na5 Nxd4+ 51. Kf4 Ne6+ 52. Kf3 d4 53. Nb3
Ke5 54. Nd2 Kd5 0-1

[Event "Campionato Provinciale Zevio 2020"]
[Site "?"]
[Date "2020.01.26"]
[Round "5.10"]
[White "Zanaglia, Renato"]
[Black "Margareci, Massimo"]
[Result "0-1"]
[WhiteElo "1704"]
[BlackElo "1601"]
[PlyCount "82"]
[EventDate "2020.??.??"]

1. d4 Nf6 2. Nf3 g6 3. c4 Bg7 4. Nc3 O-O 5. e4 d6 6. Be2 c5 7. d5 e6 8. O-O
exd5 9. exd5 Re8 10. Bg5 Na6 11. Qd2 Nc7 12. Rfe1 Bf5 13. h3 a6 14. Bd3 Qd7 15.
Bf4 Bxd3 16. Qxd3 b5 17. cxb5 axb5 18. Nd2 b4 19. Rxe8+ Rxe8 20. Nd1 Nfxd5 21.
Bg3 Re1+ 22. Kh2 Bxb2 23. Rb1 Be5 24. Nf3 Bxg3+ 25. Kxg3 Re8 26. Ne3 Nxe3 27.
fxe3 Qe6 28. Re1 Qd5 29. Qe2 c4 30. Rd1 Qc5 31. Rd4 d5 32. Kf2 c3 33. Rd1 Nb5
34. Qd3 c2 35. Rc1 Na3 36. Ne1 Qc4 37. Qb3 Qc3 38. Nxc2 Qd2+ 39. Kf3 Qxc1 40.
Nxb4 Nc4 41. Nxd5 Nd2+ 0-1

[Event "Campionato Provinciale Zevio 2020"]
[Site "?"]
[Date "2020.01.26"]
[Round "5.11"]
[White "Vujicic, Luigi"]
[Black "Nori, Marco"]
[Result "1-0"]
[WhiteElo "1699"]
[BlackElo "1456"]
[PlyCount "71"]
[EventDate "2020.??.??"]

1. e4 c5 2. Nc3 Nc6 3. g3 e6 4. Bg2 d6 5. d3 Nf6 6. Be3 Be7 7. h3 O-O 8. f4 e5
9. f5 a6 10. g4 Nd4 11. Nce2 Kh8 12. c3 Nxe2 13. Qxe2 Ng8 14. Nf3 Bh4+ 15. Kf1
h6 16. g5 Bxg5 17. Nxg5 hxg5 18. Qh5+ Nh6 19. Bxg5 f6 20. Bxh6 gxh6 21. Qxh6+
Kg8 22. Qg6+ Kh8 23. Bf3 Qe7 24. Qh6+ Qh7 25. Qxf8+ Qg8 26. Qxf6+ Qg7 27. Qxg7+
Kxg7 28. Ke2 b5 29. Rag1+ Kf8 30. h4 Ra7 31. h5 Rh7 32. h6 d5 33. Rg7 Rxh6 34.
Rxh6 Kxg7 35. Rc6 dxe4 36. dxe4 1-0

[Event "Campionato Provinciale Zevio 2020"]
[Site "?"]
[Date "2020.01.26"]
[Round "5.12"]
[White "Negro, Raffaele"]
[Black "Lissandrini, Lisa"]
[Result "0-1"]
[WhiteElo "1809"]
[BlackElo "1440"]
[PlyCount "54"]
[EventDate "2020.??.??"]

1. d4 d5 2. Bf4 e6 3. e3 Nf6 4. Nd2 c5 5. c3 Nc6 6. Ngf3 b6 7. Bb5 Bd7 8. Qa4
Nb8 9. Bxb8 Rxb8 10. Ne5 Rb7 11. Ndf3 Bxb5 12. Qxb5+ Nd7 13. O-O-O Be7 14. Nc6
Qa8 15. Nxe7 Kxe7 16. Rhe1 Rc8 17. Qd3 Nf6 18. Ne5 a5 19. Qb5 Rbb8 20. Nc6+
Qxc6 21. Qe2 b5 22. Kb1 b4 23. c4 dxc4 24. Qxc4 Qe4+ 25. Ka1 cxd4 26. Qxd4 Qxd4
27. Rxd4 Rc2 0-1

[Event "Campionato Provinciale Zevio 2020"]
[Site "?"]
[Date "2020.01.26"]
[Round "5.13"]
[White "Macalello, Angelo"]
[Black "Antolini, Aldo"]
[Result "1-0"]
[WhiteElo "1616"]
[BlackElo "1545"]
[PlyCount "57"]
[EventDate "2020.??.??"]

1. f4 d6 2. Nf3 Nf6 3. b3 g6 4. Bb2 Bg7 5. e3 O-O 6. Be2 Re8 7. c4 Nc6 8. O-O
Bf5 9. Nh4 Bd7 10. a3 Nh5 11. Bxg7 Nxg7 12. Nf3 e5 13. Nc3 e4 14. Ng5 f5 15. g4
Qc8 16. c5 h6 17. Bc4+ Ne6 18. gxf5 hxg5 19. fxg6 Kg7 20. cxd6 gxf4 21. Nxe4
Ne5 22. Ra2 Nxc4 23. Qa1+ Kh6 24. bxc4 Ng7 25. Rxf4 Bc6 26. Rh4+ Nh5 27. Nf6
Kxg6 28. Nxh5 Qf5 29. Qg7# 1-0

[Event "Campionato Provinciale Zevio 2020"]
[Site "?"]
[Date "2020.01.26"]
[Round "5.14"]
[White "Venturini, Valter"]
[Black "Leone, Cataldo"]
[Result "0-1"]
[WhiteElo "1193"]
[BlackElo "1503"]
[PlyCount "114"]
[EventDate "2020.??.??"]

1. b3 e5 2. Bb2 Nc6 3. e3 d6 4. Bb5 Bd7 5. Na3 Nf6 6. Be2 Bf5 7. d3 Be7 8. g4
Be6 9. g5 Nd5 10. h4 a6 11. c4 Nb6 12. Nc2 d5 13. cxd5 Nxd5 14. a3 Qd7 15. Bf3
Bd6 16. b4 Nde7 17. e4 Ng6 18. Bc1 Be7 19. Be3 Rd8 20. Be2 Nf4 21. Bxf4 exf4
22. f3 Ne5 23. d4 Qc6 24. Qc1 Qc3+ 25. Kf1 Nd3 26. Bxd3 Qxd3+ 27. Kg2 Bb3 28.
Ne1 Qxd4 29. Ne2 Qd2 30. Qxd2 Rxd2 31. Kf1 O-O 32. Rh2 Rfd8 33. Rb1 Bc4 34. Rc1
b5 35. Rf2 Ra2 36. Kg2 Rdd2 37. Rxc4 bxc4 38. Kf1 c5 39. b5 axb5 40. Rg2 Rxa3
41. Nxf4 Rxg2 42. Kxg2 c3 43. Nd5 Kf8 44. Kh3 b4 45. Nc2 Ra2 46. Ne1 c2 47. Nd3
Ra1 48. Kg2 c1=Q 49. Nxc1 Rxc1 50. Nf4 b3 51. Nd3 b2 52. Nxb2 Rc2+ 53. Kf1 Rxb2
54. Ke1 c4 55. Kd1 c3 56. Kc1 Ba3 57. f4 Re2+ 0-1

[Event "Campionato Provinciale Zevio 2020"]
[Site "?"]
[Date "2020.01.26"]
[Round "5.15"]
[White "Zangrandi, Giulio"]
[Black "Zonta, Riccardo"]
[Result "1-0"]
[WhiteElo "1174"]
[BlackElo "1488"]
[PlyCount "95"]
[EventDate "2020.??.??"]

1. e4 b6 2. d4 Bb7 3. Bd3 e6 4. Nf3 g6 5. Be3 Ne7 6. Qd2 h5 7. Nc3 Bg7 8. h3 a6
9. O-O-O d6 10. Ng5 Nd7 11. g4 Nf6 12. Rhg1 Nc6 13. a3 Qe7 14. Qe2 Bh6 15. Kb1
Nh7 16. Nxh7 Rxh7 17. gxh5 Bxe3 18. hxg6 fxg6 19. Qxe3 Rg7 20. Qd2 O-O-O 21. d5
Ne5 22. Be2 Rf8 23. f4 Nd7 24. Rdf1 e5 25. Bg4 Kb8 26. Bxd7 Qxd7 27. fxe5 Rxf1+
28. Rxf1 dxe5 29. Qh2 Qd6 30. h4 Bc8 31. Qg3 Qe7 32. Qg5 Qxg5 33. hxg5 Bb7 34.
Rf8+ Ka7 35. Re8 c5 36. d6 Rd7 37. Rxe5 Rxd6 38. Re7 Kb8 39. e5 Rd8 40. Re6 Ka7
41. Rxg6 Re8 42. e6 Re7 43. Rf6 Bc8 44. Rf7 Rb7 45. Rxb7+ Kxb7 46. e7 Bd7 47.
g6 Kc7 48. g7 1-0

[Event "Campionato Provinciale Zevio 2020"]
[Site "?"]
[Date "2020.01.26"]
[Round "5.16"]
[White "Prealta, Fiorenzo"]
[Black "Pompele, Andrea"]
[Result "0-1"]
[WhiteElo "1139"]
[BlackElo "1456"]
[PlyCount "114"]
[EventDate "2020.??.??"]

1. d4 d5 2. c4 e5 3. dxe5 dxc4 4. Qxd8+ Kxd8 5. Nc3 Nc6 6. Nf3 Nb4 7. Kd2 Be6
8. a3 Na6 9. e4 Nc5 10. Nd4 Nb3+ 11. Nxb3 cxb3 12. Be2 Bc5 13. f4 Ke8 14. Ke1
Ne7 15. f5 Bd7 16. Nd5 Nxd5 17. exd5 Bxf5 18. Bc4 Bc2 19. Bf4 a6 20. a4 Bd4 21.
Bc1 Bxe5 22. Kd2 Kd7 23. Bd3 Bxd3 24. Kxd3 b5 25. Ra3 bxa4 26. Rxa4 Rhb8 27.
Kc4 a5 28. h3 Bd6 29. Bd2 Be5 30. Rb1 c6 31. dxc6+ Kxc6 32. Rxa5 Rxa5 33. Bxa5
Rb5 34. Bc3 Bxc3 35. Kxc3 Rb7 36. Re1 Kd6 37. Re3 f5 38. g3 g5 39. Kc4 f4 40.
gxf4 gxf4 41. Rf3 Ke5 42. Kd3 Rc7 43. Rf2 Rc2 44. Rxc2 bxc2 45. Kxc2 Ke4 46.
Kd2 Kf3 47. b4 Kg2 48. b5 f3 49. b6 f2 50. b7 f1=Q 51. b8=Q Qf2+ 52. Kd1 Qf3+
53. Kc2 Qf2+ 54. Kd1 Kxh3 55. Qc8+ Kh4 56. Qc7 Qf3+ 57. Kd2 Qf2+ 0-1